| 000 | 00941cam a2200301 a 4500 | ||
|---|---|---|---|
| 008 | 090731s2010 maua b 001 0 eng | ||
| 010 | _a 2009029537 | ||
| 020 | _a0240812441 | ||
| 020 | _a9780240812441 | ||
| 040 |
_aDLC _cDLC _dYDX _dTXA _dDLC |
||
| 050 | 0 | 0 |
_aTK6562.D54 _bC48 2010 |
| 082 | 0 | 0 |
_a006.5 _222 |
| 092 | 0 | 4 |
_a006.5 _bC5628 _221 |
| 099 |
_a04 _a006.5 C5628 |
||
| 100 | 1 | _aChurch, Steve. | |
| 245 | 1 | 0 |
_aAudio over IP : _bbuilding pro AoIP systems with Livewire / _cSteve Church, Skip Pizzi. |
| 260 |
_aBurlington, MA : _bFocal Press, _cc2010. |
||
| 300 |
_axviii, 259 p. : _bill. ; _c24 cm. |
||
| 504 | _aIncludes bibliographical references and index. | ||
| 630 | 0 | 0 | _aNetscape LiveWire (Computer file) |
| 650 | 0 | _aDigital audio broadcasting. | |
| 700 | 1 | _aPizzi, Skip. | |
| 902 | _a1 | ||
| 905 |
_aEman _eRev. |
||
| 905 |
_aJamal _eCat. |
||
| 942 |
_2ddc _cBK |
||
| 999 |
_c125256 _d125256 |
||